000 01028cam a2200289 a 4500
001 000015458
005 20250520140417.0
008 940428s1965 sp b 001 0 spa
040 _aDO-SdBNP
_bspa
_cDLC
_dBNPHU
041 1 7 _aspa
_hfre
082 _a155.4
_bC492p
100 1 _aChateau, Jean.
_934919
240 1 0 _aL'enfantetdejouer.
_lEspañol
245 1 0 _aPsicología de los juegos infantiles /
_cJean Chateau ; Traducción de Helena Voldán.
260 _aBuenos Aires, Argentina :
_bEditorial Kapelusz,
_c1965.
300 _a147 p. ;
_c21 cm.
490 1 _aBiblioteca de cultura pedagógica
_v48
534 _aTítulo original en francés:
_lL'enfant et de jouer.
504 _aIncluye referencias bibliográficas (p. [149]).
650 0 _aPsicología infantil
_92718
650 4 _aJuegos educativos
_92224
650 4 _aJuegos infantiles
_926924
700 1 _aVoldán, Helena
_etr.
_934920
830 0 _aBiblioteca de cultura pedagógica ;
_v48
_928702
910 _aCatalogación por copia / LC
049 _aBNGR
999 _c15014
_d15014